Threads of Power (Record no. 10866)

MARC details
000 -CABECERA
campo de control de longitud fija 01513nam a22003497a 4500
001 - NÚMERO DE CONTROL
campo de control BRCA_9247
003 - IDENTIFICADOR DEL NÚMERO DE CONTROL
campo de control FranzMayer
005 - FECHA Y HORA DE LA ÚLTIMA TRANSACCIÓN
campo de control 20230717135316.0
008 - DATOS DE LONGITUD FIJA--INFORMACIÓN GENERAL
campo de control de longitud fija 230712b |||||||| |||| 00| 0 eng d
020 ## - NÚMERO INTERNACIONAL ESTÁNDAR DEL LIBRO
Número Internacional Estándar del Libro 9780300263497
040 ## - FUENTE DE LA CATALOGACIÓN
Centro catalogador/agencia de origen MFM
Lengua de catalogación esp
Centro/agencia transcriptor MFM
041 ## - CÓDIGO DE LENGUA
Código de lengua del texto/banda sonora o título independiente esp
050 #0 - SIGNATURA TOPOGRÁFICA DE LA BIBLIOTECA DEL CONGRESO
Número de clasificación NK8902.591
Número de documento/Ítem B37 2022
110 1# - ENTRADA PRINCIPAL--NOMBRE DE ENTIDAD CORPORATIVA
Nombre de entidad corporativa o nombre de jurisdicción como elemento de entrada Bard Graduate Center
9 (RLIN) 28638
240 1# - TÍTULO UNIFORME
Título uniforme Threads of Power: Lace from the Textilmuseum of St. Gallen
Lenguaje de la obra ing
245 0# - MENCIÓN DE TÍTULO
Título Threads of Power
Resto del título Lace from the Textilmuseum of St.Gallen
260 ## - PUBLICACIÓN, DISTRIBUCIÓN, ETC.
Lugar de publicación, distribución, etc. Bélgica
Nombre del editor, distribuidor, etc. Brad Graduate Center
Fecha de publicación, distribución, etc. 2022
300 ## - DESCRIPCIÓN FÍSICA
Extensión XIV, 418 p
Otras características físicas ilustraciones
Dimensiones 27 cm
500 ## - NOTA GENERAL
Nota general L60/N3
505 0# - NOTA DE CONTENIDO CON FORMATO
Nota de contenido con formato Traducción de: Frieda SorberTraducción de: Barbara KarlTraducción de: Anne Wanner-Jean-RichardDistribuido por: Yale University Press, New Haven and LondonAdaptación de: The Collection of Historical Lace in the Textilmuseum St GallenTexto en: inglésDestinado a: museógrafos, artistas, historiadores, diseñadores, diseñadores de modaIncluye índice (temático)Bibliografía 395-418
610 1# - PUNTO DE ACCESO ADICIONAL DE MATERIA--NOMBRE DE ENTIDAD CORPORATIVA
Nombre de entidad corporativa o nombre de jurisdicción como elemento de entrada Bard Graduate Center
9 (RLIN) 28639
650 1# - PUNTO DE ACCESO ADICIONAL DE MATERIA--TÉRMINO DE MATERIA
Fuente del encabezamiento o término Arte textil
Término de materia o nombre geográfico como elemento de entrada Museos
Subdivisión de forma Europa
9 (RLIN) 28828
651 2# - PUNTO DE ACCESO ADICIONAL DE MATERIA--NOMBRE GEOGRÁFICO
Fuente del encabezamiento o término Europa
Nombre geográfico Suiza
9 (RLIN) 28829
700 1# - PUNTO DE ACCESO ADICIONAL--NOMBRE DE PERSONA
Código de función/relación Ed.
Nombre de persona Cormack,Emma
9 (RLIN) 28640
700 1# - PUNTO DE ACCESO ADICIONAL--NOMBRE DE PERSONA
Código de función/relación Des.
Nombre de persona Grey, Laura
9 (RLIN) 28641
700 1# - PUNTO DE ACCESO ADICIONAL--NOMBRE DE PERSONA
Código de función/relación Ed.
Nombre de persona Majer, Michele
9 (RLIN) 28642
700 1# - PUNTO DE ACCESO ADICIONAL--NOMBRE DE PERSONA
Código de función/relación Trad.
Nombre de persona Karl, Barbara
9 (RLIN) 28643
700 1# - PUNTO DE ACCESO ADICIONAL--NOMBRE DE PERSONA
Código de función/relación Trad.
Nombre de persona Sorber, Frieda
9 (RLIN) 28644
700 1# - PUNTO DE ACCESO ADICIONAL--NOMBRE DE PERSONA
Código de función/relación Trad.
Nombre de persona Wanner-Jean-Richard, Anne
9 (RLIN) 28645
710 1# - PUNTO DE ACCESO ADICIONAL--NOMBRE DE ENTIDAD CORPORATIVA
Nombre de entidad corporativa o nombre de jurisdicción como elemento de entrada Bard Graduate Center
9 (RLIN) 28638
942 ## - ELEMENTOS DE PUNTO DE ACCESO ADICIONAL (KOHA)
Fuente del sistema de clasificación o colocación Library of Congress Classification
Tipo de ítem Koha Libros
Holdings
Estado de retiro Estado de pérdida Fuente del sistema de clasificación o colocación Estado dañado No para préstamo Código de colección Localización permanente Ubicación/localización actual Fecha de adquisición Fuente de adquisición Total de préstamos Signatura topográfica completa Código de barras Fecha visto por última vez Número de copia Precio válido a partir de Tipo de ítem Koha
El ejemplar forma parte de la colección y puede ser consultado según las políticas vigentes.   Library of Congress Classification     Fondo Contemporáneo Biblioteca del Museo Franz Mayer (Rogerio Casas-Alatriste) Biblioteca del Museo Franz Mayer (Rogerio Casas-Alatriste) 12/07/2023 Donación   NK8902.591 B37 2022 CONT10041 12/07/2023 1 12/07/2023 Libros